Wildlife of the Himalayas and the Terai Region/ (Record no. 84057)

MARC details
000 -LEADER
fixed length control field 00758nam a22001937a 4500
005 - DATE AND TIME OF LATEST TRANSACTION
control field 20140508112300.0
010 ## - LCCN (DPL NO)
LC control number B-514069-072
020 ## - INTERNATIONAL STANDARD BOOK NUMBER
International Standard Book Number 9780198083955
Terms of availability 1250.00
035 ## - SYSTEM CONTROL NUMBER
System control number B-514069-072
037 ## - SOURCE OF ACQUISITION
Stock number dpl
Source of stock number/acquisition BSB/Ven
082 ## - DEWEY DECIMAL CLASSIFICATION NUMBER
Classification number 591.95461
245 ## - TITLE STATEMENT
Title Wildlife of the Himalayas and the Terai Region/
Statement of responsibility, etc edited by Ashok S.Kothari and Boman F.Chhapgar
260 ## - PUBLICATION, DISTRIBUTION, ETC. (IMPRINT)
Place of publication, distribution, etc New Delhi
Name of publisher, distributor, etc Bombay Natural History Society India & Oxford University Press
Date of publication, distribution, etc 2012
270 ## - ADDRESS
Address YMCA Library Building, 1 Jai Singh Road
City New Delhi
Postal code 110001
300 ## - PHYSICAL DESCRIPTION
Extent 216p.:
Dimensions 31cm(Hb)
Other physical details col.ill.
700 ## - ADDED ENTRY--PERSONAL NAME
Dates associated with a name Chhapgar Boman F.
942 ## - ADDED ENTRY ELEMENTS (KOHA)
Source of classification or shelving scheme Dewey Decimal Classification
Item type English Books
Classification part 591.95461
Call number suffix WIL
Holdings
Withdrawn status Lost status Not for loan Collection code Home library Current library Date acquired Source of acquisition Cost, normal purchase price Full call number Barcode Copy number Cost, replacement price Koha item type
    Not For Loan Reference Central Library Central Library 08/05/2014 BSB/89214.03.2013/169/08.03.2013/23.03.2013 1250.00 591.95461 WIL B-514069 1 1250.00 English Books
    Not For Loan Reference Janak Puri Janak Puri 08/05/2014 BSB/89214.03.2013/169/08.03.2013/23.03.2013 1250.00 591.95461 WIL B-514071 1 1250.00 English Books
    Not For Loan Reference Narela Narela 08/05/2014 BSB/89214.03.2013/169/08.03.2013/23.03.2013 1250.00 591.95461 WIL B-514072 1 1250.00 English Books
    Not For Loan Reference Patel Nagar Patel Nagar 08/05/2014 BSB/89214.03.2013/169/08.03.2013/23.03.2013 1250.00 591.95461 WIL B-514070 1 1250.00 English Books

© Delhi Public Library
Hit Counter
free hit counter